[Event "Titled Tuesday intern op 26th Nov Late"]
[Site "Chess.com INT"]
[Date "2024.11.26"]
[Round "3"]
[White "Ivanov, Aleksandr Y"]
[Black "Akhayan, Ruben"]
[Result "0-1"]
[WhiteElo "2068"]
[BlackElo "2255"]
[PlyCount "56"]
[EventDate "2024.11.26"]
[EventType "swiss (blitz)"]
[EventRounds "11"]
[EventCountry "USA"]
[SourceTitle "CB49_2024"]
[SourceDate "2024.12.04"]
[SourceVersion "1"]
[SourceVersionDate "2024.12.04"]
[SourceQuality "1"]

1. d4 Nf6 2. c4 g6 3. Nc3 d5 4. cxd5 Nxd5 5. e4 Nxc3 6. bxc3 Bg7 7. Nf3 c5 8. Be3 Nc6 9. Rc1 Qa5 10. Qd2 cxd4 11. cxd4 Qxd2+ 12. Kxd2 0-0 13. Bb5 Rd8 14. Bxc6 bxc6 15. Rxc6 Bb7 16. Rc7 Bxe4 17. Rxe7 Bxf3 18. gxf3 Bxd4 19. Bxd4 Rxd4+ 20. Ke3 Rd6 21. Rb1 a6 22. Rbb7 Rf6 23. a4 Rc8 24. Ra7 Rc3+ 25. Kd4 Rcxf3 26. Re2 R3f4+ 27. Kd5 Rxa4 28. Ke5 Raf4 0-1

[Event "Titled Tuesday intern op 26th Nov Late"]
[Site "Chess.com INT"]
[Date "2024.11.26"]
[Round "8"]
[White "Ivanov, Aleksandr Y"]
[Black "Novak, Ratko"]
[Result "0-1"]
[WhiteElo "2068"]
[BlackElo "2035"]
[PlyCount "30"]
[EventDate "2024.11.26"]
[EventType "swiss (blitz)"]
[EventRounds "11"]
[EventCountry "USA"]
[SourceTitle "CB49_2024"]
[SourceDate "2024.12.04"]
[SourceVersion "1"]
[SourceVersionDate "2024.12.04"]
[SourceQuality "1"]

1. d4 d5 2. c4 c5 3. cxd5 Qxd5 4. e3 cxd4 5. exd4 Nc6 6. Nf3 e5 7. Nc3 Bb4 8. Bd2 Bxc3 9. Bxc3 exd4 10. Nxd4 Nf6 11. Nxc6 Qxc6 12. Qb3 Qe4+ 13. Be2 0-0 14. Qc4 Re8 15. Bxf6 Qxc4 0-1

[Event "Titled Tuesday intern op 26th Nov Late"]
[Site "Chess.com INT"]
[Date "2024.11.26"]
[Round "7"]
[White "Ivanov, Aleksandr Y"]
[Black "Quispe Santacruz, Javier"]
[Result "1-0"]
[WhiteElo "2068"]
[BlackElo "1817"]
[PlyCount "39"]
[EventDate "2024.11.26"]
[EventType "swiss (blitz)"]
[EventRounds "11"]
[EventCountry "USA"]
[SourceTitle "CB49_2024"]
[SourceDate "2024.12.04"]
[SourceVersion "1"]
[SourceVersionDate "2024.12.04"]
[SourceQuality "1"]

1. d4 d5 2. c4 Nf6 3. cxd5 Nxd5 4. e4 Nf6 5. Nc3 c6 6. Nf3 Bg4 7. Be2 Nbd7 8. 0-0 e6 9. h3 Bh5 10. Be3 Be7 11. a3 0-0 12. Qc2 Qc7 13. Rac1 Rac8 14. Rfd1 e5 15. Nd5 Nxd5 16. exd5 e4 17. Qxe4 cxd5 18. Qxe7 Qb6 19. Qxd7 Rfd8 20. Rxc8 1-0

[Event "Titled Tuesday intern op 04th Jun Late"]
[Site "Chess.com INT"]
[Date "2024.06.04"]
[Round "11"]
[White "Guzman Lozano, Campo Elias"]
[Black "Ivanov, Aleksandr Y"]
[Result "1/2-1/2"]
[WhiteElo "1868"]
[BlackElo "2068"]
[PlyCount "153"]
[EventDate "2024.06.04"]
[EventType "swiss (blitz)"]
[EventRounds "11"]
[EventCountry "USA"]
[SourceTitle "EXT 2025"]
[Source "ChessBase"]
[SourceDate "2024.10.14"]
[SourceVersion "1"]
[SourceVersionDate "2024.10.14"]
[SourceQuality "1"]

1. d4 d5 2. Bg5 c5 3. dxc5 h6 4. Bf4 Nc6 5. Nf3 g5 6. Bd2 Bg7 7. c3 e5 8. Bc1 Nf6 9. Na3 0-0 10. g3 b6 11. cxb6 Qxb6 12. Bg2 e4 13. Nd4 Ng4 14. e3 Nce5 15. 0-0 Nd3 16. c4 Bxd4 17. exd4 Qxd4 18. cxd5 Ngxf2 19. Rxf2 Qxf2+ 20. Kh1 Ne1 21. Qd2 e3 22. Qxf2 exf2 23. Be3 Bf5 24. Bxf2 Nxg2 25. Kxg2 Be4+ 26. Kg1 Bxd5 27. b3 a5 28. Nb5 Rfc8 29. Nd6 Rc2 30. Nf5 Be6 31. Nd4 Rd2 32. Re1 a4 33. Nxe6 fxe6 34. Rxe6 Rxa2 35. bxa4 R8xa4 36. Rxh6 Kg7 37. Rd6 Rc2 38. h4 g4 39. h5 Raa2 40. Bd4+ Kf7 41. Rf6+ Ke7 42. Rf2 Rxf2 43. Bxf2 Kf6 44. h6 Kg6 45. Be3 Re2 46. Bf4 Rc2 47. Kf1 Ra2 48. Kg1 Rc2 49. Kf1 Rh2 50. Kg1 Rxh6 51. Bxh6 Kxh6 52. Kf2 Kg5 53. Ke3 Kf5 54. Kd4 Ke6 55. Ke4 Kf7 56. Kf5 Kg7 57. Kxg4 Kg6 58. Kf4 Kf6 59. Kg4 Kg6 60. Kh3 Kg5 61. Kg2 Kg4 62. Kf2 Kg5 63. Kf3 Kf5 64. Ke3 Kg4 65. Kf2 Kg5 66. Kf3 Kf5 67. g4+ Kg5 68. Kg3 Kg6 69. Kf4 Kf6 70. g5+ Kg6 71. Kg4 Kg7 72. Kf5 Kf7 73. g6+ Kg7 74. Kg5 Kg8 75. Kf6 Kf8 76. g7+ Kg8 77. Kg6 1/2-1/2

[Event "Titled Tuesday intern op 28th May Late"]
[Site "Chess.com INT"]
[Date "2024.05.28"]
[Round "6"]
[White "Goltsev, Dmitry"]
[Black "Ivanov, Aleksandr Y"]
[Result "1-0"]
[WhiteElo "2170"]
[BlackElo "2068"]
[PlyCount "81"]
[EventDate "2024.05.28"]
[EventType "swiss (blitz)"]
[EventRounds "11"]
[EventCountry "USA"]
[SourceTitle "EXT 2025"]
[Source "ChessBase"]
[SourceDate "2024.10.14"]
[SourceVersion "1"]
[SourceVersionDate "2024.10.14"]
[SourceQuality "1"]

1. e4 e6 2. d4 d5 3. exd5 exd5 4. Nf3 Nf6 5. c4 Be7 6. Nc3 0-0 7. Bd3 dxc4 8. Bxc4 Bg4 9. 0-0 c6 10. Bg5 Nbd7 11. Re1 Nb6 12. Bb3 Re8 13. Bxf7+ Kxf7 14. Ne5+ Kg8 15. Nxg4 Nxg4 16. Qxg4 Bxg5 17. Rxe8+ Qxe8 18. Qxg5 Rd8 19. Ne4 Nd5 20. Re1 Qf8 21. Nc5 Re8 22. Re5 Rxe5 23. Qxe5 Qc8 24. Ne6 Qd7 25. h4 h6 26. h5 Qe7 27. Qb8+ Kf7 28. Nd8+ Kf6 29. Nxb7 Qe1+ 30. Kh2 Ne7 31. Qf4+ Ke6 32. Nc5+ Kd5 33. Qf7+ Kxd4 34. Ne6+ Kd5 35. Nf4+ Kd6 36. Qxg7 Qxf2 37. Qxh6+ Kd7 38. Qe6+ Kd8 39. Qd6+ Ke8 40. Ng6 Nd5 41. Qxc6+ 1-0

[Event "Titled Tuesday intern op 28th May Late"]
[Site "Chess.com INT"]
[Date "2024.05.28"]
[Round "9"]
[White "Ivanov, Aleksandr Y"]
[Black "Emeliantsev, Anatoliy"]
[Result "0-1"]
[WhiteElo "2068"]
[BlackElo "2359"]
[PlyCount "88"]
[EventDate "2024.05.28"]
[EventType "swiss (blitz)"]
[EventRounds "11"]
[EventCountry "USA"]
[SourceTitle "EXT 2025"]
[Source "ChessBase"]
[SourceDate "2024.10.14"]
[SourceVersion "1"]
[SourceVersionDate "2024.10.14"]
[SourceQuality "1"]

1. d4 Nf6 2. c4 g6 3. Nc3 Bg7 4. e4 0-0 5. Nf3 d6 6. Be2 e5 7. Be3 Ng4 8. Bg5 f6 9. Bh4 g5 10. Bg3 Nh6 11. dxe5 dxe5 12. Qxd8 Rxd8 13. Nd5 Na6 14. Ne7+ Kf7 15. Nxc8 Raxc8 16. Rd1 Nc5 17. Nd2 Ne6 18. 0-0 Nd4 19. Bh5+ Ke7 20. f3 Ne2+ 21. Kf2 Nf4 22. Bxf4 gxf4 23. Nb3 b6 24. c5 Ke6 25. g3 Bf8 26. gxf4 exf4 27. Ke2 bxc5 28. Na5 Rd6 29. Nc4 Rd4 30. Rxd4 cxd4 31. Kd3 c5 32. Rg1 Rb8 33. b3 f5 34. Rg5 fxe4+ 35. Kxe4 Bd6 36. Rg7 Rg8 37. Rxh7 Bf8 38. Rxa7 Rg5 39. Be8 Rg2 40. Bd7+ Kf6 41. Ra6+ Kg7 42. Kxf4 Rxh2 43. Ne5 Rh4+ 44. Kg5 Be7+ 0-1

[Event "Titled Tuesday intern op 28th May Late"]
[Site "Chess.com INT"]
[Date "2024.05.28"]
[Round "1"]
[White "Ivanov, Aleksandr Y"]
[Black "Melaa, Sondre Lillestol"]
[Result "0-1"]
[WhiteElo "2068"]
[BlackElo "2315"]
[PlyCount "150"]
[EventDate "2024.05.28"]
[EventType "swiss (blitz)"]
[EventRounds "11"]
[EventCountry "USA"]
[SourceTitle "EXT 2025"]
[Source "ChessBase"]
[SourceDate "2024.10.14"]
[SourceVersion "1"]
[SourceVersionDate "2024.10.14"]
[SourceQuality "1"]

1. d4 d5 2. c4 c6 3. cxd5 cxd5 4. Bf4 Nc6 5. e3 Nf6 6. Nc3 a6 7. Bd3 Bg4 8. Nf3 e6 9. 0-0 Bd6 10. Bxd6 Qxd6 11. h3 Bh5 12. Rc1 0-0 13. Na4 Rac8 14. Nc5 Qe7 15. Be2 Rc7 16. Nd3 Rfc8 17. Nfe5 Bxe2 18. Qxe2 Ne4 19. Nxc6 Rxc6 20. Rxc6 Rxc6 21. Ne5 Rc7 22. Rd1 f6 23. Nd3 Qd6 24. Qe1 Rc2 25. Rc1 Qc7 26. Qd1 Rxc1 27. Qxc1 Qxc1+ 28. Nxc1 Kf7 29. Kf1 Ke7 30. Ke2 Kd6 31. Nb3 b6 32. Nd2 Ng5 33. Kd3 e5 34. Nb3 a5 35. Nd2 Ne6 36. Nb3 Kc6 37. Nd2 Kb5 38. Nb3 a4 39. Nd2 Kb4 40. a3+ Kb5 41. g3 h5 42. h4 e4+ 43. Kc2 g5 44. Nb1 Ng7 45. Nc3+ Kc6 46. Nxa4 gxh4 47. gxh4 Nf5 48. Kd2 Nxh4 49. Ke2 Nf3 50. Kf1 h4 51. Kg2 Kb5 52. Nc3+ Kc4 53. a4 Ng5 54. Nb5 Kb3 55. Nc3 Kc4 56. Kh2 f5 57. Kg2 Ne6 58. Kh3 Nc7 59. Kxh4 Kb3 60. Kg5 Kxb2 61. Nb5 Na6 62. Kxf5 Kb3 63. Ke5 Kxa4 64. Nd6 Nc7 65. Nb7 b5 66. Kd6 Na6 67. Kxd5 b4 68. Nd6 b3 69. Nc4 Kb4 70. Nb2 Kc3 71. Na4+ Kd3 72. Ke5 Nb4 73. Nc5+ Kc3 74. Kxe4 Kc4 75. Na4 Nd3 0-1

[Event "Titled Tuesday intern op 21st May Late"]
[Site "Chess.com INT"]
[Date "2024.05.21"]
[Round "3"]
[White "Hoffmann, Asa"]
[Black "Ivanov, Aleksandr Y"]
[Result "0-1"]
[WhiteElo "2185"]
[BlackElo "2068"]
[PlyCount "176"]
[EventDate "2024.05.21"]
[EventType "swiss (blitz)"]
[EventRounds "11"]
[EventCountry "USA"]
[SourceTitle "CBM 220 Extra"]
[Source "ChessBase"]
[SourceDate "2024.07.31"]
[SourceVersion "1"]
[SourceVersionDate "2024.07.31"]
[SourceQuality "1"]

1. d4 d5 2. Bg5 c5 3. dxc5 h6 4. Bh4 g5 5. Bg3 Bg7 6. c3 Nc6 7. e4 d4 8. Bb5 Qa5 9. Bxc6+ bxc6 10. b4 Qb5 11. a4 Qc4 12. Ne2 dxc3 13. Qc2 Qxb4 14. Nbxc3 Ba6 15. 0-0 Bxe2 16. Nxe2 Bxa1 17. Rxa1 Nf6 18. e5 Nd5 19. e6 0-0 20. h4 f5 21. hxg5 hxg5 22. Rd1 Qe4 23. Qxe4 fxe4 24. Nd4 Rac8 25. Re1 e3 26. fxe3 Rf6 27. e4 Nf4 28. e5 Rff8 29. Re4 Rb8 30. Kh2 Rb4 31. a5 Kh7 32. Bxf4 gxf4 33. Nf3 Rxe4 34. Ng5+ Kg6 35. Nxe4 Kf5 36. Nf2 Rh8+ 37. Kg1 Kxe5 38. Nd3+ Ke4 39. Nb4 Rc8 40. Kf2 Kd4 41. Kf3 Kxc5 42. Nd3+ Kd4 43. Nxf4 c5 44. g4 c4 45. g5 c3 46. Ne2+ Kd3 47. Nc1+ Kc2 48. Ne2 Kd2 49. Nd4 c2 50. Nxc2 Kxc2 51. Kf4 Kd3 52. g6 Kd4 53. Kf5 Kd5 54. g7 Kd6 55. a6 Rd8 56. Kg6 Kxe6 57. Kh7 Kf6 58. g8Q Rxg8 59. Kxg8 e5 60. Kf8 e4 61. Ke8 e3 62. Kd7 e2 63. Kc7 e1Q 64. Kb7 Qf2 65. Ka8 Ke6 66. Kb7 Kd6 67. Ka8 Kc5 68. Kb7 Kb5 69. Kc7 Kxa6 70. Kc6 Qb2 71. Kc5 Kb7 72. Kc4 Qb6 73. Kd5 Qg6 74. Ke5 Kc6 75. Kd4 Qf5 76. Kc4 Qd5+ 77. Kb4 Qc5+ 78. Ka4 Qb5+ 79. Ka3 Kd5 80. Ka2 Ke4 81. Ka3 Kf3 82. Ka2 Kg2 83. Ka3 Kf1 84. Ka2 Ke2 85. Ka3 a6 86. Ka2 Kd1 87. Ka3 Kc1 88. Ka2 Qa4# 0-1

[Event "Titled Tuesday intern op 21st May Late"]
[Site "Chess.com INT"]
[Date "2024.05.21"]
[Round "5"]
[White "Ivanov, Aleksandr Y"]
[Black "Kazakov, Mikhail"]
[Result "1-0"]
[WhiteElo "2068"]
[BlackElo "2513"]
[PlyCount "89"]
[EventDate "2024.05.21"]
[EventType "swiss (blitz)"]
[EventRounds "11"]
[EventCountry "USA"]
[SourceTitle "CBM 220 Extra"]
[Source "ChessBase"]
[SourceDate "2024.07.31"]
[SourceVersion "1"]
[SourceVersionDate "2024.07.31"]
[SourceQuality "1"]

1. d4 g6 2. c4 Bg7 3. e4 c5 4. d5 d6 5. Nf3 b5 6. cxb5 a6 7. bxa6 Bxa6 8. Nc3 Nf6 9. Be2 0-0 10. 0-0 Nfd7 11. a4 Bxe2 12. Qxe2 Na6 13. Nb5 Nb4 14. Ra3 Nb6 15. b3 e6 16. dxe6 fxe6 17. Rd1 d5 18. Ng5 Qf6 19. Nc7 Rae8 20. Nxe8 Rxe8 21. exd5 N6xd5 22. Ne4 Qf5 23. Nd6 Qf8 24. Nxe8 Qxe8 25. Bd2 Qc6 26. Bxb4 cxb4 27. Ra2 Nc3 28. Qc2 Qb6 29. a5 Qa7 30. Raa1 Qa6 31. Re1 Bd4 32. Rac1 e5 33. g3 Qxa5 34. Kg2 Qd5+ 35. Kg1 Kg7 36. Rcd1 Qf7 37. Rd2 Qf6 38. Qd3 h5 39. Qf1 Qf7 40. Qh3 Qxb3 41. Qd7+ Qf7 42. Rxd4 exd4 43. Qxd4+ Kh6 44. Qxb4 Qf3 45. Re3 1-0

[Event "Titled Tuesday intern op 21st May Late"]
[Site "Chess.com INT"]
[Date "2024.05.21"]
[Round "4"]
[White "Ivanov, Aleksandr Y"]
[Black "Wael Sabry, Mina"]
[Result "1-0"]
[WhiteElo "2068"]
[BlackElo "2037"]
[PlyCount "105"]
[EventDate "2024.05.21"]
[EventType "swiss (blitz)"]
[EventRounds "11"]
[EventCountry "USA"]
[SourceTitle "CBM 220 Extra"]
[Source "ChessBase"]
[SourceDate "2024.07.31"]
[SourceVersion "1"]
[SourceVersionDate "2024.07.31"]
[SourceQuality "1"]

1. d4 Nf6 2. c4 g6 3. Nc3 Bg7 4. e4 d6 5. Nf3 0-0 6. Be2 e5 7. Be3 Ng4 8. Bg5 f6 9. Bh4 g5 10. Bg3 Nc6 11. d5 Ne7 12. Nd2 Nh6 13. f3 f5 14. b4 a5 15. a3 Ng6 16. c5 Rf7 17. Nc4 axb4 18. axb4 Rxa1 19. Qxa1 g4 20. cxd6 cxd6 21. Nb5 Bf8 22. Bf2 fxe4 23. fxe4 Nf4 24. Bf1 g3 25. Bb6 Qd7 26. Na7 Qg4 27. Nxc8 gxh2 28. N8xd6 Qg3+ 29. Kd2 Qg5 30. Nxf7 Nxf7 31. Be3 Bxb4+ 32. Kc2 Qg3 33. Kb3 Bc5 34. Qc3 Be7 35. Bxf4 Qxf4 36. Bd3 b5 37. Nd2 b4 38. Qc8+ Kg7 39. Nf3 Qe3 40. Rd1 h1Q 41. Qg4+ Ng5 42. Nxg5 Qxd1+ 43. Qxd1 Qxg5 44. Qf3 Qd2 45. Bc4 Qd4 46. d6 Bxd6 47. Qg4+ Kh6 48. Qh4+ Kg6 49. Qg4+ Kf6 50. Qh4+ Kg7 51. Qg5+ Kf8 52. Qf6+ Ke8 53. Bb5# 1-0

[Event "Titled Tuesday intern op 07th May Early"]
[Site "Chess.com INT"]
[Date "2024.05.07"]
[Round "7"]
[White "Alice, Mateus Felizardo Vi"]
[Black "Ivanov, Aleksandr Y"]
[Result "1-0"]
[WhiteElo "2202"]
[BlackElo "2068"]
[PlyCount "79"]
[EventDate "2024.05.07"]
[EventType "swiss (blitz)"]
[EventRounds "11"]
[EventCountry "USA"]
[SourceTitle "EXT 2025"]
[Source "ChessBase"]
[SourceDate "2024.10.14"]
[SourceVersion "1"]
[SourceVersionDate "2024.10.14"]
[SourceQuality "1"]

1. e4 e6 2. Qe2 c5 3. f4 Nc6 4. Nf3 g6 5. d3 Bg7 6. g3 Nge7 7. Bg2 0-0 8. c3 b5 9. Be3 d6 10. Nbd2 Bb7 11. 0-0 b4 12. Rac1 a5 13. g4 f5 14. Ng5 Qd7 15. gxf5 exf5 16. Bh3 Rae8 17. Nc4 h6 18. Nf3 Qc7 19. cxb4 axb4 20. Qd2 Kh7 21. d4 fxe4 22. Nh4 Nf5 23. dxc5 Nxh4 24. cxd6 Qd8 25. d7 Re7 26. Bb6 Qb8 27. Rcd1 e3 28. Qe2 Rxf4 29. d8Q Nxd8 30. Rxd8 Rxf1+ 31. Qxf1 Nf3+ 32. Qxf3 Qxd8 33. Bxd8 Bxf3 34. Bxe7 e2 35. Kf2 Bd4+ 36. Ke1 b3 37. axb3 Bg1 38. Nd2 Bh5 39. Bd6 Bd4 40. Be6 1-0

[Event "Titled Tuesday intern op 07th May Late"]
[Site "Chess.com INT"]
[Date "2024.05.07"]
[Round "10"]
[White "Demina, Marya"]
[Black "Ivanov, Aleksandr Y"]
[Result "1-0"]
[WhiteElo "1970"]
[BlackElo "2068"]
[PlyCount "83"]
[EventDate "2024.05.07"]
[EventType "swiss (blitz)"]
[EventRounds "11"]
[EventCountry "USA"]
[SourceTitle "EXT 2025"]
[Source "ChessBase"]
[SourceDate "2024.10.14"]
[SourceVersion "1"]
[SourceVersionDate "2024.10.14"]
[SourceQuality "1"]

1. d4 d5 2. c4 e6 3. Nc3 c6 4. e3 Nf6 5. Bd3 Nbd7 6. Nf3 dxc4 7. Bxc4 b5 8. Bd3 a6 9. e4 Bb7 10. e5 Nd5 11. Nxd5 cxd5 12. 0-0 Be7 13. Bf4 h6 14. Rc1 Rc8 15. Qe2 0-0 16. Bb1 Re8 17. Qd3 Nf8 18. Qd2 f5 19. exf6 Bxf6 20. Ne5 Bxe5 21. Bxe5 Qg5 22. Bf4 Qf6 23. Rfe1 Rc4 24. Be5 Qf7 25. Bd3 Rec8 26. Bxc4 dxc4 27. Re3 Ng6 28. Rg3 Ne7 29. Qxh6 Nf5 30. Qf4 Nxg3 31. Qxg3 Bd5 32. h4 Rf8 33. Rc3 Qb7 34. Re3 Rf7 35. h5 Kh7 36. Qg6+ Kg8 37. h6 b4 38. hxg7 Rxg7 39. Bxg7 Qxg7 40. Qe8+ Kh7 41. Rh3+ Qh6 42. Rxh6+ 1-0

[Event "Titled Tuesday intern op 07th May Late"]
[Site "Chess.com INT"]
[Date "2024.05.07"]
[Round "1"]
[White "Ivanov, Aleksandr Y"]
[Black "Maltsevskaya, Aleksandra"]
[Result "0-1"]
[WhiteElo "2068"]
[BlackElo "2393"]
[PlyCount "86"]
[EventDate "2024.05.07"]
[EventType "swiss (blitz)"]
[EventRounds "11"]
[EventCountry "USA"]
[SourceTitle "EXT 2025"]
[Source "ChessBase"]
[SourceDate "2024.10.14"]
[SourceVersion "1"]
[SourceVersionDate "2024.10.14"]
[SourceQuality "1"]

1. d4 Nf6 2. c4 g6 3. Nc3 Bg7 4. e4 d6 5. Nf3 0-0 6. Be2 e5 7. Be3 Ng4 8. Bg5 f6 9. Bh4 Nc6 10. d5 Ne7 11. Nd2 Nh6 12. f3 c5 13. g4 f5 14. gxf5 gxf5 15. Qc2 Qe8 16. 0-0-0 Ng6 17. Bf2 Bd7 18. Be3 Kh8 19. h4 Nf4 20. Rdg1 a6 21. Bf1 b5 22. Ne2 fxe4 23. fxe4 bxc4 24. Nxc4 Qe7 25. Nb6 Rab8 26. Nxd7 Qxd7 27. Nc3 Ng4 28. Bd2 c4 29. Bxc4 Rfc8 30. Bxa6 Rc5 31. Kb1 h5 32. Re1 Qa7 33. Be2 Qb7 34. Bxg4 hxg4 35. h5 Bh6 36. Rhg1 Nd3 37. Bxh6 Nxb2 38. Bg7+ Qxg7 39. h6 Qa7 40. Rxg4 Na4+ 41. Ka1 Rxc3 42. Qg2 Rc1+ 43. Rxc1 Qd4+ 0-1

[Event "Titled Tuesday intern op 07th May Late"]
[Site "Chess.com INT"]
[Date "2024.05.07"]
[Round "8"]
[White "Ivanov, Aleksandr Y"]
[Black "Prydun, Andriy"]
[Result "0-1"]
[WhiteElo "2068"]
[BlackElo "2162"]
[PlyCount "54"]
[EventDate "2024.05.07"]
[EventType "swiss (blitz)"]
[EventRounds "11"]
[EventCountry "USA"]
[SourceTitle "EXT 2025"]
[Source "ChessBase"]
[SourceDate "2024.10.14"]
[SourceVersion "1"]
[SourceVersionDate "2024.10.14"]
[SourceQuality "1"]

1. d4 Nf6 2. c4 c5 3. d5 e5 4. Nc3 d6 5. e4 Nbd7 6. Be2 Be7 7. g4 b5 8. cxb5 a6 9. bxa6 Bxa6 10. h3 c4 11. Nf3 Nc5 12. Qc2 0-0 13. 0-0 Rb8 14. Be3 Nd3 15. Bxd3 cxd3 16. Qd2 Qc8 17. Rfb1 Nxg4 18. Ne1 Nf6 19. Kg2 Nh5 20. Nxd3 f5 21. Ne1 f4 22. Qd1 fxe3 23. Qxh5 Rxf2+ 24. Kg3 Rbxb2 25. Rxb2 Rxb2 26. Rc1 Qf8 27. Qg4 Qf2# 0-1

[Event "Titled Tuesday intern op 07th May Late"]
[Site "Chess.com INT"]
[Date "2024.05.07"]
[Round "5"]
[White "Prieto Aranguren, Alain"]
[Black "Ivanov, Aleksandr Y"]
[Result "1-0"]
[WhiteElo "2183"]
[BlackElo "2068"]
[PlyCount "115"]
[EventDate "2024.05.07"]
[EventType "swiss (blitz)"]
[EventRounds "11"]
[EventCountry "USA"]
[SourceTitle "EXT 2025"]
[Source "ChessBase"]
[SourceDate "2024.10.14"]
[SourceVersion "1"]
[SourceVersionDate "2024.10.14"]
[SourceQuality "1"]

1. e4 e6 2. d4 d5 3. exd5 exd5 4. Bd3 Nf6 5. Nf3 Bd6 6. 0-0 0-0 7. Bg5 Bg4 8. c3 c6 9. Nbd2 Nbd7 10. Qc2 Qc7 11. Rfe1 Rae8 12. Bh4 Bh5 13. Bg3 Bg6 14. Nf1 Bxd3 15. Qxd3 Ne4 16. Bxd6 Qxd6 17. Ng3 Ndf6 18. Ne5 Nxg3 19. hxg3 Ne4 20. Re2 f6 21. Nf3 Qb8 22. Rae1 Nd6 23. Re7 Rxe7 24. Rxe7 a6 25. Qe3 Ne4 26. Nd2 Nxd2 27. Qxd2 Re8 28. Qe3 Kf8 29. Re6 Qc8 30. Rxe8+ Qxe8 31. Qxe8+ Kxe8 32. g4 g5 33. g3 Ke7 34. f4 h6 35. Kf2 Kd6 36. Ke3 b5 37. Kd3 Kc7 38. Kc2 Kb6 39. Kb3 a5 40. Ka3 Ka6 41. Kb3 Kb6 42. a4 Ka6 43. Ka3 Kb6 44. b3 Ka6 45. Kb2 b4 46. cxb4 axb4 47. Kc2 Kb6 48. Kd3 Ka6 49. Ke3 Kb6 50. Kf3 Ka6 51. Kg2 Kb6 52. Kh3 Ka6 53. Kh2 Kb6 54. Kh1 c5 55. dxc5+ Kxc5 56. Kg2 d4 57. Kf2 d3 58. Ke3 1-0

[Event "Titled Tuesday intern op 30th Apr Early"]
[Site "Chess.com INT"]
[Date "2024.04.30"]
[Round "11"]
[White "Eggleston, Thomas"]
[Black "Ivanov, Aleksandr Y"]
[Result "0-1"]
[WhiteElo "2188"]
[BlackElo "2068"]
[PlyCount "88"]
[EventDate "2024.04.30"]
[EventType "swiss (blitz)"]
[EventRounds "11"]
[EventCountry "USA"]
[SourceTitle "CBM 220 Extra"]
[Source "ChessBase"]
[SourceDate "2024.07.31"]
[SourceVersion "1"]
[SourceVersionDate "2024.07.31"]
[SourceQuality "1"]

1. e4 e6 2. d4 d5 3. exd5 exd5 4. c4 Nf6 5. Nc3 Be7 6. Nf3 0-0 7. cxd5 Nxd5 8. Bd3 h6 9. 0-0 Nc6 10. Be4 Be6 11. Re1 Bf6 12. a3 Nce7 13. Qc2 c6 14. Ne5 Rc8 15. Bd2 Qb6 16. Rad1 Rcd8 17. Bc1 Nxc3 18. bxc3 Bb3 19. Qe2 Bxd1 20. Rxd1 Bxe5 21. dxe5 Nd5 22. Bd2 Qc5 23. c4 Nb6 24. Bd3 Rfe8 25. Qe4 Qxe5 26. Qh7+ Kf8 27. Be3 Nxc4 28. Re1 Nxe3 29. Rxe3 Qa1+ 30. Bf1 Rxe3 31. fxe3 Rd1 32. Qf5 Rxf1+ 33. Qxf1 Qxf1+ 34. Kxf1 Ke7 35. Ke2 Kd6 36. Kd3 Kd5 37. e4+ Ke5 38. a4 c5 39. g3 b6 40. h3 a6 41. g4 b5 42. axb5 axb5 43. Ke3 c4 44. h4 b4 0-1

[Event "Titled Tuesday intern op 30th Apr Late"]
[Site "Chess.com INT"]
[Date "2024.04.30"]
[Round "10"]
[White "Ivanov, Aleksandr Y"]
[Black "Akhayan, Ruben"]
[Result "0-1"]
[WhiteElo "2068"]
[BlackElo "2260"]
[PlyCount "116"]
[EventDate "2024.04.30"]
[EventType "swiss (blitz)"]
[EventRounds "11"]
[EventCountry "USA"]
[SourceTitle "EXT 2025"]
[Source "ChessBase"]
[SourceDate "2024.10.14"]
[SourceVersion "1"]
[SourceVersionDate "2024.10.14"]
[SourceQuality "1"]

1. d4 Nf6 2. c4 g6 3. Nc3 d5 4. cxd5 Nxd5 5. e4 Nxc3 6. bxc3 Bg7 7. Nf3 c5 8. Be3 Qa5 9. Qd2 0-0 10. Rc1 cxd4 11. cxd4 Qxd2+ 12. Kxd2 Rd8 13. Bd3 Bg4 14. Rc7 Bxf3 15. gxf3 Nc6 16. d5 Ne5 17. Rxe7 Nxf3+ 18. Ke2 Nd4+ 19. Kd2 b6 20. Rc1 Bf6 21. Rb7 Nf3+ 22. Ke2 Ne5 23. Bb5 Rdb8 24. Rbc7 Bd8 25. R7c2 a6 26. Ba4 b5 27. Bb3 h5 28. h3 Ba5 29. f4 Nd7 30. e5 Re8 31. d6 Kg7 32. Kf3 g5 33. Rc7 Bxc7 34. Rxc7 gxf4 35. Bxf4 Nxe5+ 36. Bxe5+ Rxe5 37. Rxf7+ Kg6 38. Kf4 Re1 39. Rc7 Rd8 40. d7 Re7 41. Rc6+ Kg7 42. Be6 Kf6 43. Bf5+ Kf7 44. Kg5 Re5 45. Kf4 Rxf5+ 46. Kxf5 Rxd7 47. Rxa6 Rd3 48. Ra7+ Ke8 49. Ke6 Kd8 50. Rb7 Rxh3 51. Rxb5 Kc7 52. a4 Kc6 53. Rg5 Re3+ 54. Kf6 h4 55. Rh5 h3 56. a5 Rf3+ 57. Ke5 Re3+ 58. Kf4 Ra3 0-1

[Event "Titled Tuesday intern op 30th Apr Early"]
[Site "Chess.com INT"]
[Date "2024.04.30"]
[Round "2"]
[White "Levitsky, Andrey"]
[Black "Ivanov, Aleksandr Y"]
[Result "1/2-1/2"]
[WhiteElo "2285"]
[BlackElo "2068"]
[PlyCount "86"]
[EventDate "2024.04.30"]
[EventType "swiss (blitz)"]
[EventRounds "11"]
[EventCountry "USA"]
[SourceTitle "CBM 220 Extra"]
[Source "ChessBase"]
[SourceDate "2024.07.31"]
[SourceVersion "1"]
[SourceVersionDate "2024.07.31"]
[SourceQuality "1"]

1. e4 e6 2. d4 d5 3. Nc3 Bb4 4. e5 Ne7 5. a3 Bxc3+ 6. bxc3 b6 7. h4 Ba6 8. h5 Bxf1 9. Kxf1 h6 10. Nf3 Nbc6 11. Rh4 Nf5 12. Rf4 a5 13. a4 Qd7 14. Kg1 0-0-0 15. g4 Nfe7 16. Rxf7 Rdf8 17. Rxg7 Rhg8 18. Bxh6 Rxg7 19. Bxg7 Rg8 20. h6 Ng6 21. Qd3 Rxg7 22. hxg7 Qxg7 23. Qe3 Nce7 24. Qg5 Qf7 25. Qf6 Qh7 26. Kg2 Qh6 27. Kg3 Nf5+ 28. gxf5 Qf4+ 29. Kg2 Qg4+ 30. Kf1 Nf4 31. Qh8+ Kb7 32. Qh1 Qxf5 33. Rc1 Qe4 34. Re1 Qxc2 35. Kg1 Qg6+ 36. Kf1 Qd3+ 37. Kg1 Qg6+ 38. Kh2 Qh5+ 39. Kg3 Ne2+ 40. Kg2 Nf4+ 41. Kg3 Ne2+ 42. Kg2 Nf4+ 43. Kg1 Qg6+ 1/2-1/2

[Event "Titled Tuesday intern op 30th Apr Late"]
[Site "Chess.com INT"]
[Date "2024.04.30"]
[Round "3"]
[White "Shakirov, Marat"]
[Black "Ivanov, Aleksandr Y"]
[Result "1-0"]
[WhiteElo "2166"]
[BlackElo "2068"]
[PlyCount "65"]
[EventDate "2024.04.30"]
[EventType "swiss (blitz)"]
[EventRounds "11"]
[EventCountry "USA"]
[SourceTitle "EXT 2025"]
[Source "ChessBase"]
[SourceDate "2024.10.14"]
[SourceVersion "1"]
[SourceVersionDate "2024.10.14"]
[SourceQuality "1"]

1. Nf3 d5 2. c4 e6 3. b3 Nf6 4. Bb2 Bd6 5. e3 0-0 6. Nc3 b6 7. cxd5 exd5 8. Be2 Bb7 9. 0-0 c5 10. d4 Nc6 11. Rc1 Rc8 12. dxc5 Bxc5 13. Nb5 Re8 14. Nbd4 h6 15. Nxc6 Bxc6 16. Ba6 Rc7 17. Be5 Rd7 18. b4 Bd6 19. Rxc6 Bxe5 20. Nxe5 Rc7 21. Rxc7 Qxc7 22. Nf3 Rd8 23. Nd4 Ne4 24. Qc2 Qd6 25. a3 Qg6 26. f3 Qg5 27. fxe4 Qxe3+ 28. Qf2 Qg5 29. Qxf7+ Kh8 30. Ne6 Qe3+ 31. Qf2 Qxf2+ 32. Rxf2 Re8 33. exd5 1-0